Normal view
MARC view
- FOURES, DIMITRY MILOVANOVIC IGOR
Entry Personal Name
001 - CONTROL NUMBER
- control field: 89150
003 - CONTROL NUMBER IDENTIFIER
- control field: NUST
005 - DATE AND TIME OF LATEST TRANSACTION
- control field: 20220217162917.0
008 - FIXED-LENGTH DATA ELEMENTS
- fixed length control field: 220217|| aca||aabn | a|a d
040 ## - CATALOGING SOURCE
- Original cataloging agency: NUST
- Transcribing agency: NUST
100 ## - HEADING--PERSONAL NAME
- Personal name: FOURES, DIMITRY MILOVANOVIC IGOR
670 ## - SOURCE DATA FOUND
- Source citation: Work cat.: (NUST): FOURES, DIMITRY MILOVANOVIC IGOR., PYTHON DATA VISUALIZATION COOK BOOK /, 2015.
